000 00324pab a2200145 454500
008 180718b1991 xxu||||| |||| 00| 0 eng d
100 _aDesai, V.H.
245 _a"The democrat" - down the memory lane
260 _c1991
300 _a15-16
362 _a15 Apr.
650 _aDemocracy
773 _aYojana
909 _a7162
999 _c7162
_d7162